| 000 | 00719nam a22001697a 4500 | ||
|---|---|---|---|
| 999 |
_c7987 _d7987 |
||
| 005 | 20241128181306.0 | ||
| 008 | 230717b ||||| |||| 00| 0 eng d | ||
| 040 | _aCDMR | ||
| 110 | 1 |
_9828 _aConsell de l'Audiovisual de Catalunya |
|
| 245 |
_aRecomanacions per a una cobertura mediàtica de la infància i l'adolescència amb enfocament de drets [Recurs electrònic] _c/ Consell de l'Audiovisual de Catalunya |
||
| 260 |
_aBarcelona : _bCAC, _c2021 |
||
| 300 | _a1 recurs electrònic (14 pàgines) | ||
| 650 | 0 |
_9983 _aÈtica periodística _zCatalunya |
|
| 650 | 0 |
_93487 _aMitjans de comunicació de massa i infants |
|
| 856 |
_zAccés en línia _uhttps://omeka.periodistes.cat/items/show/721 |
||
| 942 |
_2udc _cRECURS_WEB |
||